| 000 | 01353cam a2200241 4500500 | ||
|---|---|---|---|
| 005 | 20260201142729.0 | ||
| 041 | _afre | ||
| 042 | _adc | ||
| 100 | 1 | 0 |
_aBauce, Yohann _eauthor |
| 700 | 1 | 0 |
_aMatéos, Julien _eauthor |
| 245 | 0 | 0 | _aNaissance d’une équipe |
| 260 | _c2015. | ||
| 500 | _a53 | ||
| 520 | _aLes itep accueillent des adolescents très hétérogènes au regard des pathologies.Le faire ensemble est l’acte fondateur du rugby et celui-ci apparaît comme une médiation thérapeutique pertinente. L’atelier rugby est structuré de façon rigoureuse, avec un cadre précis et des étapes systématiques. La médiation rugby conduit progressivement les jeunes du plaisir d’agir au plaisir d’anticiper, de penser, de projeter. L’atelier se révèle tout à la fois soignant sur les plans corporel, affectif, psychologique et cognitif, mais aussi fédérateur d’un groupe et d’une dynamique collective qui va transformer la juxtaposition d’individus en une véritable équipe sportive. | ||
| 690 | _adynamique collective | ||
| 690 | _aitep | ||
| 690 | _anormes sociales | ||
| 690 | _arugby soignant | ||
| 690 | _asécurisation | ||
| 690 | _aviolence | ||
| 786 | 0 | _nEmpan | 99 | 3 | 2015-08-28 | p. 91-97 | 1152-3336 | |
| 856 | 4 | 1 | _uhttps://shs.cairn.info/revue-empan-2015-3-page-91?lang=fr&redirect-ssocas=7080 |
| 999 |
_c1642831 _d1642831 |
||